Statistics for Заставе Европе

Click here to take the quiz!

General Stats

  • This quiz has been taken 4 564 times
  • The average score is 36 of 44

Answer Stats

Answer% Correct
Србија
100%
Хрватска
99%
Албанија
97%
Словенија
97%
Грчка
97%
Босна и Херцеговина
97%
Немачка
96%
Црна Гора
96%
Северна Македонија
96%
Уједињено Краљевство
95%
Шпанија
95%
Словачка
94%
Чешка
93%
Португалија
93%
Француска
89%
Русија
88%
Шведска
87%
Италија
87%
Финска
86%
Норвешка
84%
Данска
83%
Швајцарска
80%
Холандија
80%
Ирска
79%
Бугарска
79%
Пољска
78%
Белгија
78%
Аустрија
77%
Исланд
76%
Мађарска
76%
Белорусија
75%
Малта
75%
Румунија
75%
Луксембург
74%
Украјина
74%
Естонија
71%
Лихтенштајн
68%
Сан Марино
65%
Летонија
65%
Ватикан
64%
Молдавија
62%
Андора
62%
Литванија
62%
Монако
61%

Score Distribution

Percentile by Number Answered

Percent of People with Each Score

Your Score History

You have not taken this quiz